书目信息 |
| 题名: |
一定要有好心态
|
|
| 作者: | 王子强 编著 | |
| 分册: | ||
| 出版信息: | 北京 中国市场出版社 2008.12 |
|
| 页数: | 220页 | |
| 开本: | 20cm | |
| 丛书名: | ||
| 单 册: | ||
| 中图分类: | B848.4 | |
| 科图分类: | ||
| 主题词: | 个性心理学 , 人格心理学 | |
| 电子资源: | ||
| ISBN: | 7-5092-0429-1 | |
| 000 | 00722nam0 2200217 450 | |
| 001 | 1032892236 | |
| 005 | 20100307091258.78 | |
| 010 | @a7-5092-0429-1@dCNY29.80 | |
| 100 | @a20100307d2008 km y0chiy0120 ea | |
| 101 | 0 | @achi |
| 102 | @aCN@b110000 | |
| 200 | 1 | @a一定要有好心态@Ayi ding yao you hao xin tai@e30种帮你走向成功的心态@f王子强编著@Fwang zi qiang bian zhu |
| 210 | @a北京@c中国市场出版社@d2008.12 | |
| 215 | @a220页@d20cm | |
| 517 | 1 | @a30种帮你走向成功的心态@A30 zhong bang ni zou xiang cheng gong de xin tai |
| 606 | 0 | @a个性心理学 |
| 606 | 0 | @a人格心理学 |
| 690 | @aB848.4@v4 | |
| 701 | 0 | @a王子强@Awang zi qiang@4编著 |
| 801 | 0 | @aCN@b大连网信软件有限公司图书馆·11@c20100307 |
| 905 | @aZUCC@dB848.4@eW480 | |
| 一定要有好心态:30种帮你走向成功的心态/王子强编著.-北京:中国市场出版社,2008.12 |
| 220页;20cm |
| ISBN 7-5092-0429-1:CNY29.80 |
| ● |
| 相关链接 |
|
|
|
正题名:一定要有好心态
索取号:B848.4/W480
 
预约/预借
| 序号 | 登录号 | 条形码 | 馆藏地/架位号 | 状态 | 备注 |
| 1 | 658702 | 206587022 | 社科库509/509社科库 51排1列6层/ [索取号:B848.4/W480] | 在馆 | |
| 2 | 658703 | 206587031 | 社科库509/509社科库 51排1列6层/ [索取号:B848.4/W480] | 在馆 | |
| 3 | 658704 | 206587040 | 社科库509/509社科库 51排1列6层/ [索取号:B848.4/W480] | 在馆 |